The political history of India, 1784 to 1823, Vol. - 2 / (Record no. 18161)
[ view plain ]
| 000 -LEADER | |
|---|---|
| fixed length control field | 00887cam a2200277 4500 |
| 001 - CONTROL NUMBER | |
| control field | 3715253 |
| 003 - CONTROL NUMBER IDENTIFIER | |
| control field | BDDh-ASL |
| 005 - DATE AND TIME OF LATEST TRANSACTION | |
| control field | 20231015025705.0 |
| 008 - FIXED-LENGTH DATA ELEMENTS--GENERAL INFORMATION | |
| fixed length control field | 710505s1826 enk b 001 0 eng |
| 010 ## - LIBRARY OF CONGRESS CONTROL NUMBER | |
| LC control number | 79913970 |
| 040 ## - CATALOGING SOURCE | |
| Original cataloging agency | DLC |
| Transcribing agency | DLC |
| Modifying agency | BDDh-ASL |
| 043 ## - GEOGRAPHIC AREA CODE | |
| Geographic area code | a-ii--- |
| 050 00 - LIBRARY OF CONGRESS CALL NUMBER | |
| Classification number | DS463 |
| Item number | .M227 1970 |
| 082 ## - DEWEY DECIMAL CLASSIFICATION NUMBER | |
| Classification number | 954..82 |
| Item number | MAP |
| 100 1# - MAIN ENTRY--PERSONAL NAME | |
| Personal name | Malcolm, John, |
| Dates associated with a name | 1769-1833. |
| 245 14 - TITLE STATEMENT | |
| Title | The political history of India, 1784 to 1823, Vol. - 2 / |
| Statement of responsibility, etc. | by Major-General Sir John Malcolm. |
| 260 ## - PUBLICATION, DISTRIBUTION, ETC. | |
| Place of publication, distribution, etc. | London : |
| Name of publisher, distributor, etc. | John Murray, Albemarle-Street, |
| Date of publication, distribution, etc. | MDCCCXXVI[1826]. |
| 300 ## - PHYSICAL DESCRIPTION | |
| Extent | v-2, 324 p., ccccii : |
| Dimensions | 22 cm. |
| 350 ## - PRICE (NR) (BK AM CF MU VM SE) [OBSOLETE] | |
| Price | Rs90.00 |
| 490 0# - SERIES STATEMENT | |
| Series statement | Associated reprints, 1 |
| 500 ## - GENERAL NOTE | |
| General note | First published in 1826. |
| 651 #0 - SUBJECT ADDED ENTRY--GEOGRAPHIC NAME | |
| Geographic name | India |
| General subdivision | Politics and government |
| Chronological subdivision | 1765-1947. |
| 700 1# - ADDED ENTRY--PERSONAL NAME | |
| Personal name | Panikkar, K. N., |
| Relator term | ed. |
| 906 ## - LOCAL DATA ELEMENT F, LDF (RLIN) | |
| a | 7 |
| b | cbc |
| c | orignew |
| d | 4 |
| e | ncip |
| f | 19 |
| g | y-gencatlg |
| 942 ## - ADDED ENTRY ELEMENTS (KOHA) | |
| Source of classification or shelving scheme | Dewey Decimal Classification |
| Koha item type | Books |
| Withdrawn status | Lost status | Source of classification or shelving scheme | Damaged status | Not for loan | Collection code | Home library | Current library | Shelving location | Date acquired | Source of acquisition | Total Checkouts | Full call number | Barcode | Date last seen | Copy number | Price effective from | Koha item type |
|---|---|---|---|---|---|---|---|---|---|---|---|---|---|---|---|---|---|
| Dewey Decimal Classification | Not For Loan | Non-fiction | Asiatic Society Library | Asiatic Society Library | Harrison Collection | 09/20/2020 | Donated by Prof. John B. Harrison | 954..82 MAP | 101324 | 09/20/2020 | 1 | 09/20/2020 | Books |